| 000 | 00394nam a22001457a 4500 | ||
|---|---|---|---|
| 020 | _a0582450896 | ||
| 082 |
_a620.11223 _bTRE _cL-39, P-71 |
||
| 100 |
_aTrethewey, Kenneth R _941104 |
||
| 245 |
_aCorrosion _c Kenneth R Trethewey |
||
| 260 |
_aNew York : _bLongman Group UK Ltd, _c1988. |
||
| 300 | _a382 | ||
| 526 |
_a0 _b0 _c0 _d620_112230000000000_TRE |
||
| 650 |
_aMCE _9379 |
||
| 942 |
_2ddc _cBK |
||
| 999 |
_c545297 _d545297 |
||